| 000 | 00457nam a2200193Ia 4500 | ||
|---|---|---|---|
| 008 | 170918s9999 xx 000 0 und d | ||
| 020 | _a9780545133821 | ||
| 050 | _bR658 2004 | ||
| 100 | _aRobinson, Barbara | ||
| 245 | 4 | _aThe best halloween ever / | |
| 245 | _cby Barbara Robinson. | ||
| 260 | _aNew York : | ||
| 260 | _bScholastic, | ||
| 260 | _c2004 | ||
| 300 | _a117 pages : | ||
| 300 | _billustrations ; | ||
| 300 | _c19cm. | ||
| 500 | _a890 | ||
| 999 |
_c343825 _d343825 |
||